| 000 | 00300nam a22001337a 4500 | ||
|---|---|---|---|
| 999 |
_c16576 _d16576 |
||
| 003 | Nust | ||
| 005 | 20170223095404.0 | ||
| 008 | 131127t xxu||||| |||| 00| 0 eng d | ||
| 020 | _a978-0-7167-7601-7 | ||
| 040 |
_aASAB _cASAB |
||
| 082 | _a571.6 LOD | ||
| 100 |
_aLodish _9309 |
||
| 245 | _aMolecular Cell Biology | ||
| 250 | _a6th Ed. | ||
| 300 | _a340 p. | ||
| 942 |
_2ddc _cBK |
||